<?xml version="1.0" encoding="UTF-8"?>
<record
    xmlns:xsi="http://www.w3.org/2001/XMLSchema-instance"
    xsi:schemaLocation="http://www.loc.gov/MARC21/slim http://www.loc.gov/standards/marcxml/schema/MARC21slim.xsd"
    xmlns="http://www.loc.gov/MARC21/slim">

  <leader>00761nam a2200217 i 4500</leader>
  <controlfield tag="001">17559</controlfield>
  <controlfield tag="003">ES-MaACL</controlfield>
  <controlfield tag="005">20240703151828.0</controlfield>
  <controlfield tag="007">t|</controlfield>
  <controlfield tag="008">010403s2000    sp           ||||1| spa d</controlfield>
  <datafield tag="020" ind1=" " ind2=" ">
    <subfield code="a">84-86711-12-6</subfield>
  </datafield>
  <datafield tag="080" ind1=" " ind2=" ">
    <subfield code="a">796.95(460)</subfield>
  </datafield>
  <datafield tag="100" ind1="1" ind2=" ">
    <subfield code="a">Mart&#xED;n Rosado, Mariano.</subfield>
    <subfield code="9">77637</subfield>
  </datafield>
  <datafield tag="245" ind1="1" ind2="0">
    <subfield code="a">Rollos y tierras </subfield>
    <subfield code="b">: [aproximaci&#xF3;n a la dimensi&#xF3;n hist&#xF3;rica de los rollos de justicia en Espa&#xF1;a] / </subfield>
    <subfield code="c">Mariano Mart&#xED;n Rosado ; [pr&#xF3;logo de Alberto Gil Novales].</subfield>
  </datafield>
  <datafield tag="260" ind1=" " ind2=" ">
    <subfield code="a">Sig&#xFC;enza : </subfield>
    <subfield code="b">Librer&#xED;a Rayuela, </subfield>
    <subfield code="c">[2000]</subfield>
  </datafield>
  <datafield tag="300" ind1=" " ind2=" ">
    <subfield code="a">250 p. : </subfield>
    <subfield code="b">il. ; </subfield>
    <subfield code="c">20 cm.</subfield>
  </datafield>
  <datafield tag="650" ind1="1" ind2="4">
    <subfield code="a">Rollos y picotas-</subfield>
    <subfield code="z">Espa&#xF1;a.</subfield>
    <subfield code="9">16931</subfield>
  </datafield>
  <datafield tag="700" ind1="0" ind2=" ">
    <subfield code="a">Gil Novales, Alberto,</subfield>
    <subfield code="d">1930-2016</subfield>
    <subfield code="9">56851</subfield>
  </datafield>
  <datafield tag="852" ind1=" " ind2=" ">
    <subfield code="a">ES-MaACL</subfield>
    <subfield code="j">L-24445 </subfield>
    <subfield code="b">R.129816</subfield>
  </datafield>
  <datafield tag="999" ind1=" " ind2=" ">
    <subfield code="c">17559</subfield>
    <subfield code="d">17559</subfield>
  </datafield>
  <datafield tag="952" ind1=" " ind2=" ">
    <subfield code="0">0</subfield>
    <subfield code="1">0</subfield>
    <subfield code="4">0</subfield>
    <subfield code="7">0</subfield>
    <subfield code="a">ATENEOM</subfield>
    <subfield code="b">ATENEOM</subfield>
    <subfield code="c">DEPO2</subfield>
    <subfield code="d">2008-01-17</subfield>
    <subfield code="e">SC</subfield>
    <subfield code="l">0</subfield>
    <subfield code="o">L-24445</subfield>
    <subfield code="p">1017914</subfield>
    <subfield code="r">2023-02-23 00:00:00</subfield>
    <subfield code="w">2023-02-23</subfield>
    <subfield code="y">MONOGRAFIA</subfield>
  </datafield>
</record>
